000
00266nam a2200121Ia 4500
100
_a
Wachtman/John B
942
_c
BK
654
_a
ceramic
245
_a
Mechanical Properties of Ceramics
260
_b
John Wiley & Sons
_c
1996
300
_a
448
546
_a
ENGLISH
999
_c
26669
_d
26669